00386nam a22001337a 450000500170000000800410001704100130005808200130007110000130008424500420009726000560013930000310019565000260022620240611140304.0240611b |||||||| |||| 00| 0 eng d aEnglish  a349 LAW  lEnglish  aThe All England Law Reports: Reprint  aLondon: bButterworth and Co. Publishers Ltd,c1963 bxxxv, 912 pages; c25 cm.  aLegal practice bLaw